Statistics for Countries With The Highest Crime Rate

Click here to take the quiz!

General Stats

  • This quiz has been taken 53 times
  • The average score is 6 of 10

Answer Stats

Crime IndexCountry% Correct
84.36Venezuela
83%
68.31Brazil
77%
67.84El Salvador
70%
76.65Honduras
68%
77.29South Africa
66%
76.97Afghanistan
47%
67.42Syria
47%
68.15Guyana
45%
72.43Trinidad and Tobago
32%
80.04Papua New Guinea
30%

Score Distribution

Percentile by Number Answered

Percent of People with Each Score

Your Score History

You have not taken this quiz